Who Played that Character? #1 - Statistics

General Stats
  • This quiz has been taken 23 times
  • The average score is 8 of 10
Answer Stats
Question Answer % Correct
Who Played Indiana Jones Harrison Ford
90%
Who Played "Rose" in Titanic Kate Winslet
90%
Who played "Ron Weasley" in Harry Potter Rupert Grint
90%
Who played "Andy Dufresne" in The Shawshank Redemtion Tim Robbins
90%
Who plays "Jake Peralta" in Brooklyn Nine-Nine? Andy Samberg
80%
Who Played "The Joker" in The Dark Knight Heath Ledger
80%
Who played "Sarah Connor" in The Terminator Linda Hamilton
80%
Who Plays "Nick Fury" in The MCU (Marvel) Samuel L. Jackson
80%
Who Played "Walter White" in Breaking Bad? Bryan Cranston
70%
Who Played "Biggie" in Notorious Jamal Woolard
30%
No matching quizzes found
Score Distribution
Percent of People with Each Score
Percentile by Number Answered
Your Score History
You have not taken this quiz